Rent review clauses - keep them simple or pay the price. (Record no. 60442)
[ view plain ]
| 000 -LEADER | |
|---|---|
| fixed length control field | 00839cam a2200193 4500 |
| 001 - CONTROL NUMBER | |
| control field | ABS60796 |
| 008 - FIXED-LENGTH DATA ELEMENTS--GENERAL INFORMATION | |
| fixed length control field | 000000n1999 000 0 eng u |
| 035 ## - SYSTEM CONTROL NUMBER | |
| System control number | (Sirsi) u101291 |
| 100 ## - MAIN ENTRY--PERSONAL NAME | |
| Personal name | Peet, C. |
| 245 ## - TITLE STATEMENT | |
| Title | Rent review clauses - keep them simple or pay the price. |
| 260 ## - PUBLICATION, DISTRIBUTION, ETC. | |
| Date of publication, distribution, etc. | 1999 |
| 490 ## - SERIES STATEMENT | |
| Series statement | Rent Review & Lease Renewal |
| Volume/sequential designation | (2) June 1999, 80-86(7) |
| 520 ## - SUMMARY, ETC. | |
| Summary, etc. | Explores some of the areas of rent review drafting which have most frequently given rise to disputes and describes ways in which disputes might be avoided in future through careful drafting. The authors suggest that rent review clauses should be kept as simple as possible to avoid disputes later. (Taken from journal abstract). |
| 650 ## - SUBJECT ADDED ENTRY--TOPICAL TERM | |
| Topical term or geographic name entry element | RENT REVIEW |
| 650 ## - SUBJECT ADDED ENTRY--TOPICAL TERM | |
| Topical term or geographic name entry element | LEASES |
| 690 ## - LOCAL SUBJECT ADDED ENTRY--TOPICAL TERM (OCLC, RLIN) | |
| Topical term or geographic name as entry element | LANDLORD AND TENANT-RENT REVIEWS |
| 700 ## - ADDED ENTRY--PERSONAL NAME | |
| Personal name | Dollar, P. |
| 942 ## - ADDED ENTRY ELEMENTS (KOHA) | |
| Suppress in OPAC | 0 |
| Withdrawn status | Lost status | Source of classification or shelving scheme | Damaged status | Not for loan | Home library | Current library | Shelving location | Date acquired | Total Checkouts | Full call number | Barcode | Date last seen | Copy number | Price effective from | Koha item type |
|---|---|---|---|---|---|---|---|---|---|---|---|---|---|---|---|
| Dewey Decimal Classification | London | London | Journal article | 03/11/1999 | ABS60796 | 101291-1001 | 06/08/2019 | 1 | 06/08/2019 | Journal article |